Statistiken für Super Smash Bros. Charaktere anhand von Bildern erraten

Klicken Sie hier um das Quiz zu spielen!

Allgemein

  • Dieses Quiz wurde 186 mal gespielt
  • Das Durchschnittsergebnis liegt bei 10 aus 16

Antwortstatistiken

Antwort% Korrekt
Donkey Kong
99%
Mario, Luigi
91%
Peach, Daisy
91%
Fox
83%
R.O.B.
78%
Dr. Mario
74%
Link, Zelda
71%
Pit
71%
Little Mac
63%
Yoshi
55%
Piranha-Pflanze
53%
Wii-Fit Trainerin
47%
Inkling
41%
Olimar
41%
Ness, Lucas
39%
Banjo & Kazooie
34%

Verteilung der Resultate

Perzentil nach korrekt beantworteten Fragen

Anzahl Personen mit jedem Resultat

Ihre Resultats-Entwicklung

Sie haben dieses Quiz noch nicht gespielt